000 00271nam a22001337a 4500
003 SGT
020 _a9789353885328
082 _a320
_bS21P
100 _aPANKAJ, ASHOK
245 _aSOCIAL SECTOR
260 _bSAGE PUBLICATIONS
_c2021
300 _a404
942 _2ddc
_cBK
999 _c31843
_d31843